| 000 | 00647nam a2200205 i 4500 | ||
|---|---|---|---|
| 001 | 125461 | ||
| 003 | ES-MaACL | ||
| 005 | 20250724074706.0 | ||
| 007 | t| | ||
| 008 | 070612q1915 sp ||||1| spa d | ||
| 100 | 1 |
_aSánchez Vidal, Bernardino. _9102984 |
|
| 245 | 1 | 1 |
_a[Lecciones de aritmética / _cpor Bernardino Sánchez Vidal ; aumentadas y corregidas por Alfredo Sánchez Benito]. |
| 260 |
_a[Madrid : _bs.n., _c1915?] |
||
| 300 |
_a368 p. ; _c22 cm. |
||
| 500 | _aEjemplar sin portada. | ||
| 650 | 0 | 7 |
_aAritmética _2embne _99963 |
| 700 | 1 |
_aSánchez Benito, Alfredo. _9102493 |
|
| 852 |
_aES-MaACL _jA-369 |
||
| 999 |
_c125461 _d125461 |
||